Sports Quiz

Random Sports or Football Quiz

2016 NFL Draft Quarterbacks Quiz Stats

 Plays Quiz not verified by Sporcle

Challenge
Share
Tweet
Embed
Score 0/15 Timer 05:00
0 Plays Today
Round and Team QB % Correct
Round 1 #1 (Rams)Jared Goff
97.3%
Round 1 #2 (Eagles)Carson Wentz
96.3%
Round 1 #26 (Broncos)Paxton Lynch
95.7%
Round 4 #135 (Cowboys)Dak Prescott
91%
Round 2 #51 (Jets)Christian Hackenberg
89.4%
Round 4 #100 (Raiders)Connor Cook
88.8%
Round 4 #139 (Bills)Cardale Jones
86.2%
Round 3 #93 (Browns)Cody Kessler
74.5%
Round and Team QB % Correct
Round 5 #162 (Chiefs)Kevin Hogan
68.6%
Round 3 #91 (Patriots)Jacoby Brissett
64.9%
Round 6 #201 (Jaguars)Brandon Allen
48.4%
Round 6 #207 (49ers)Jeff Driskel
47.9%
Round 6 #191 (Lions)Jake Rudock
45.7%
Round 6 #187 (Redskins)Nate Sudfeld
42%
Round 7 #223 (Dolphins)Brandon Doughty
37.8%

You're not logged in!

Compare scores with friends on all Sporcle quizzes.
OR
Log In

You Might Also Like...

Show Comments

Extras

Top Quizzes Today


Score Distribution

Your Account Isn't Verified!

In order to create a playlist on Sporcle, you need to verify the email address you used during registration. Go to your Sporcle Settings to finish the process.

Report this User

Report this user for behavior that violates our Community Guidelines.

Details: